Bilecik Bilecik Bilecik Bilecik Bilecik

Türkistan şuuru/ (Record no. 9580)

MARC details
000 -BAŞLIK
Sabit Uzunluktaki Kontrol Alanı 02084nam a22003857a 4500
001 - KONTROL NUMARASI
Control Dosyası 0009608
003 - KONTROL NUMARASI KİMLİĞİ
Kontrol Alanı KOHA_MİRAKIL
005 - EN SON İŞLEM TARİHİ ve ZAMANI
Kontrol Alanı 20260207001715.0
007 - FİZİKSEL TANIM SABİT ALAN - GENEL BİLGİ
Sabit uzunluklu kontrol alanı ta
008 - SABİT UZUNLUKTAKİ VERİ ÖGELERİ - GENEL BİLGİ
Sabit Alan 100705b1997 tu |||gr||||#||||0|tur |
020 ## - ISBN - ULUSLARARASI STANDART KİTAP NUMARASI
Isbn 9754372128
040 ## - KATALOGLAMA KAYNAĞI
Özgün Kataloglama Kurumu TR-BiSEU
Kataloglama Dili tur
Çeviri Kurumu TR-BiSEU
Açıklama Kuralları rda
041 0# - DİL KODU
Metin ya da ses kaydının dil kodu tur
044 ## - YAYINLAYAN/ÜRETEN KURULUŞUN ÜLKE KODU
ISO country code tu
050 ## - SINIFLAMA ve YER NUMARASI
Sınıflama Numarası DK856
Yer Numarası .S25 1997
100 1# - KİŞİ ADI
Yazar Adı (Kişi adı) Salih, Muhammed.
245 1# - ESER ADI BİLDİRİMİ
Başlık Türkistan şuuru/
Sorumluluk Bildirimi Muhammed Salih ; Muhammed Salih; editör Şuayb Karakaş.
264 #1 - ÜRERİM, YAYIN, DAĞITIM ve TELİF BİLDİRİMİ
Yayın yeri İstanbul :
Yayınlayan Ötüken Neşriyat
Yayın tarihi 1997
300 ## - FİZİKSEL TANIMLAMA
Sayfa, Cilt vb. 205 sayfa
336 ## - İÇERİK TÜRÜ
Content type term metin
Content type code txt
Source rdacontent
337 ## - MEDYA TÜRÜ
Media type term aracısız
Media type code n
Source rdamedia
338 ## - TAŞIYICI TÜRÜ
Carrier type term cilt
Carrier type code nc
Source rdacarrier
490 1# - DİZİ BİLDİRİMİ
Dizi Bildirimi Ötüken Yayın ;
Cilt Numarası nu.
490 1# - DİZİ BİLDİRİMİ
Dizi Bildirimi 355.
490 1# - DİZİ BİLDİRİMİ
Dizi Bildirimi Kültür serisi ;
Cilt Numarası 117.
505 ## - İÇİNDEKİLER NOTU
İçindekiler Notu Yazarın fikir adamlığını, sanatkârlığını ve siyasetçiliğini mezceden denemelerinin derlemesidir. Sanat, dil, 20. yüzyıl Özbek edebiyatı, eğitim, Sovyet ideolojisi, Türkistan şuuru, Türk kuşağı, pamuk mono-kültürü, ekolojik bozulma, sağlık ve nüfus planlaması gibi konuları pırıl pırıl bir şuurla ele alır. "Yeni cumhuriyetlerin ideolojisinde, 'Ekim inkılâbı bizi bir millet haline getirdi, ondan evvel biz bir sürü halindeydik.' fikri, günlük siyasetin temeli sayılmaya başlandı. Özbekler, Kazaklar, Kırgızlar, Türkmen ve Tacikler sömürge siyasetinin yarattığı yeni tarihlerini büyük bir telaşla mükemmelleştirmeye başladılar. Hâlbuki bizim tarihimiz müşterek ve şerefli bir tarih, sadece Özbek'in değil, sadece Kazak veya Türkmen, Kırgız veya Tacik'in değil, aynı zamanda hepimizin tarihi, bütün bu halkların ataları tarafından yapılan bütün bir Türkistan tarihiydi."
650 #0 - KONU BAŞLIĞI EK GİRİŞ - KONU TERİMİ
Konusal terim veya coğrafi ad Salih, Muhammed, 1949--Biography.
9 (RLIN) 23760
650 #0 - KONU BAŞLIĞI EK GİRİŞ - KONU TERİMİ
Konusal terim veya coğrafi ad Turks Asia, Central.
9 (RLIN) 23761
650 #0 - KONU BAŞLIĞI EK GİRİŞ - KONU TERİMİ
Konusal terim veya coğrafi ad Nationalism--Asia, Central.
9 (RLIN) 23762
650 #0 - KONU BAŞLIĞI EK GİRİŞ - KONU TERİMİ
Konusal terim veya coğrafi ad Nationalism--Uzbekistan.
9 (RLIN) 23763
830 1# - SERİ EK GİRİŞİ - TEKBİÇİM ESER ADI
Tekbiçim Başlık Ötüken Yayın ;
Volume number/sequential designation nu.
9 (RLIN) 23484
830 1# - SERİ EK GİRİŞİ - TEKBİÇİM ESER ADI
Tekbiçim Başlık 355.
9 (RLIN) 23764
830 1# - SERİ EK GİRİŞİ - TEKBİÇİM ESER ADI
Tekbiçim Başlık Kültür serisi ;
Volume number/sequential designation 117.
9 (RLIN) 5523
942 ## - EK GİRİŞ ÖGELERİ (KOHA)
Source of classification or shelving scheme Library of Congress Classification
Koha item type Book
Holdings
Materyal Türü Kalıcı Konum Mevcut Konum Raf Yeri Sınıflandırma Kaynağı Edinim Bilgisi Ana Konular Alt Konular Yer Numarası Demirbaş Numarası Fatura Tarihi Maliyet, Alış Fiyatı Maliyet, Yenileme Fiyatı Geri Çekilme Durumu Kayıp Durumu Hasarlı Durumu Kredi için değil Kayıt Tarih Toplam Ödünçverme Son Görülme Tarihi Son Kontrol Tarihi Genel / Bağış Notu
Book BŞEÜ Gölpazarı MYO Kütüphanesi BŞEÜ Gölpazarı MYO Kütüphanesi   Library of Congress Classification Bağış DÜNYA TARİHİ (AVRUPA, ASYA, AFRİKA VB.) Rusya, Sovyetler Birliği, Eski Sovyet Cumhuriyetleri - Polonya DK856 .S25 1997 0018834 02/02/2026 3.50 3.50         05/07/2010   05/12/2024 05/12/2024 Genel Bağış
Book Prof. Dr. Azmi Özcan Kütüphanesi Prof. Dr. Azmi Özcan Kütüphanesi Uluğbey Salonu Library of Congress Classification Bağış DÜNYA TARİHİ (AVRUPA, ASYA, AFRİKA VB.) Rusya, Sovyetler Birliği, Eski Sovyet Cumhuriyetleri - Polonya DK856 .S25 1997 0009608 13/08/2010 3.50 3.50         21/10/2009   05/12/2024 05/12/2024 Ötüken Yayınevi